MARC details
| 000 -BAŞLIK |
| Sabit Uzunlukta Kontrol Alanı |
01207nam a22003017a 4500 |
| 999 ## - SİSTEM KONTROL NUMARALARI (KOHA) |
| Koha Biblionumber |
13630 |
| Koha Biblioitemnumber |
13630 |
| 003 - KONTROL NUMARASI IDENTIFIER |
| Denetim Alanı |
MIRAKIL |
| 005 - SON İŞLEM TARİHİ VE ZAMANI |
| Denetim Alanı |
20191125122450.0 |
| 008 - SABİT-BOY VERİ ELEMANLARI - GENEL BİLGİLER |
| Sabit Uzunlukta Kontrol Alanı |
191125b tu ||||| |||| 00| 0 tur d |
| 020 ## - ULUSLARARASI STANDART KİTAP NUMARASI |
| Uluslararası Standart Kitap Numarası |
9786058444362 |
| 040 ## - KATALOGLAMA KAYNAK |
| Orijinal Kataloglama Ajansı |
TR-AnCHP |
| Metne Dönüştürmek Ajansı |
TR-AnCHP |
| 041 ## - DİL KODU |
| Metin / Ses Parça Veya Ayrı Başlığın Dil Kodu |
tur |
| 082 ## - DEWEY ONLU SINIFLANDIRMA NUMARASI |
| Sınıflandırma Numarası |
321.09 |
| Ürün Numarası |
D95 2017 |
| 245 10 - BAŞLIK TABLOSU |
| Başlık |
Dünyada ve Türkiye'de darbe yargılamaları : |
| Başlığın Kalan |
Coup D'etat judgements in the world and Turkey international / |
| Sorumluluk Tablosu, Vb |
yayına hazırlayan Ahmet Akcan |
| 246 ## - UNVAN FORM VARYING |
| Başlık Doğru / Kısa Başlığı |
Coup D'etat judgements in the world and Turkey international |
| 260 ## - YAYIN, DAĞITIM, VB |
| Yayın, Dağıtım, Vb Yeri |
İstanbul: |
| Yayıncı, Dağıtıcı, Vs Adı |
Lale yayıncılık, |
| Yayın, Dağıtım, Vb Tarihi |
2017. |
| 300 ## - FİZİKSEL TANIM |
| Kapsam |
825 s.: |
| Diğer Fiziksel Ayrıntıları |
fotg., |
| Boyutlar |
24 sm. |
| 500 ## - GENEL NOT |
| Genel Not |
Yapıtta Türkçe- İngilizce Metinler paralel olarak yer alır. |
| 504 ## - KAYNAKÇA VB NOT |
| Kaynakça Vb Notu |
Bibliyografik bilgi içermektedir. |
| 650 #4 - KONU KATMA GİRİŞ - TOPİKAL DÖNEM |
| 9 (RLIN) |
1030 |
| Topikal Süreli Veya Coğrafi Ad Giriş Elemanı |
Demokrasi |
| Genel Alt Bölümü |
Türkiye |
| 650 #0 - KONU KATMA GİRİŞ - TOPİKAL DÖNEM |
| 9 (RLIN) |
333 |
| Topikal Süreli Veya Coğrafi Ad Giriş Elemanı |
Darbeler |
| Genel Alt Bölümü |
Yargılamalar |
| Coğrafi Alt Bölümü |
Türkiye |
| 650 #0 - KONU KATMA GİRİŞ - TOPİKAL DÖNEM |
| 9 (RLIN) |
333 |
| Topikal Süreli Veya Coğrafi Ad Giriş Elemanı |
Darbeler |
| Genel Alt Bölümü |
Yargılamalar |
| Coğrafi Alt Bölümü |
Şili |
| 650 #0 - KONU KATMA GİRİŞ - TOPİKAL DÖNEM |
| 9 (RLIN) |
333 |
| Topikal Süreli Veya Coğrafi Ad Giriş Elemanı |
Darbeler |
| Genel Alt Bölümü |
Yargılamalar |
| Coğrafi Alt Bölümü |
Arjantin |
| 650 #0 - KONU KATMA GİRİŞ - TOPİKAL DÖNEM |
| 9 (RLIN) |
333 |
| Topikal Süreli Veya Coğrafi Ad Giriş Elemanı |
Darbeler |
| Genel Alt Bölümü |
Yargılamalar |
| Coğrafi Alt Bölümü |
İspanya |
| 650 #0 - KONU KATMA GİRİŞ - TOPİKAL DÖNEM |
| 9 (RLIN) |
333 |
| Topikal Süreli Veya Coğrafi Ad Giriş Elemanı |
Darbeler |
| Genel Alt Bölümü |
Yargılamalar |
| Coğrafi Alt Bölümü |
Yunanistan |
| 700 ## - KATMA GİRİŞ - KİŞİSEL İSİM |
| 9 (RLIN) |
6132 |
| Kişisel Ad |
Akcan, Ahmet |
| Relator Terim |
yay.haz. |
| 740 ## - KATMA GİRİŞ - KONTROLSUZ İLGİLİ / ANALİTİK BAŞLIK |
| Kontrol Edilmeyen / İlgili Analitik Başlıktaki |
Coup D'etat judgements in the world and Turkey international |
| 942 ## - EKLENDİ GİRİŞ ELEMANLARI (KOHA) |
| Sınıflandırma Veya Raf Düzeni Kaynak |
Dewey Decimal Classification |
| Koha Öğesi Türü |
Books |